03416nam a2200505 a 4500001001000000003000500010005001700015007001500032008004100047035001100088040000900099090001000108100003900118245015600157264004100313300006400354336002700418337002900445338004000474502003000514520146700544590002402011590002802035590002802063590002802091590002802119590002802147590002802175590002902203590002802232590002802260650003802288650004002326650003102366650003202397650003202429700005902461856005302520901000702573942005602580949007402636949006902710999001702779952011402796000103303CHAP20241007110517.0cr ||||||a|c|a101112s2010 mx r 00010 spa d a111424 cCHAP aTesis1 aSandoval Romero, Fermín.910216010aValoración económica del agua potable en la delegación Iztapalapa, DF.c/por Fermin Sandoval Romero; director de tesis Ramón Valdivia Alcalá. aChapingo, Méx. :bEl autor,c2010. a1 recurso en línea (113 páginas):bcuadros, gráficas. 2rdacontentatextobtxt 2rdamediaacomputadorabc 2rdacarrierarecursos en líneabcr bMCEARNcDICEAd2010.gMAE aEn la presente investigación se abordó la problemática que existe en la Delegación Iztapalapa para el caso del agua potable, esta Delegación es la más poblada del DF y la que más problemas de agua presenta, cuenta con 1, 820,888 habitantes y los problemas de agua afectan a toda la Delegación sobre todo a las zonas más marginadas como son las que se encuentra en las faldas de la Sierra de Santa Catarina, Santa Catarina y San Lorenzo Tezonco. La problemática principal en la Delegación es la calidad y escasez del agua, ya que el 42% de los entrevistados tiene una percepción de contaminación alta del agua, 38% tiene una percepción de contaminación regular y 12% muy alta, en cuanto a la escasez del agua 39% nos dice que la escases es alta, 42% dice que es regular y 12% dice que es muy alta. Para esta investigación se utilizó el método de valoración contingente, para lo cual se realizaron 95 encuestas a usuarios y así se recabó la información necesaria para poder obtener la DAP o VC de los habitantes de la Delegación, la DAP promedio obtenida fue de $62.6315 pudiendo obtener un valor de uso aproximado de $165, 848, 462.5 pesos anuales por el pago del agua. Las variables que más explicaron la DAP fueron precio, edad, escolaridad y sexo y se desecharon estado civil, tamaño familiar, ingreso, calidad del agua percibida y escasez del agua percibida ya que estas no tenían una confiabilidad del 95%. aALEPHb10c20130110 aBATCH-UPDb10c20130110 aBATCH-UPDb10c20130410 aBATCH-UPDb10c20130914 aBATCH-UPDb10c20140324 aBATCH-UPDb10c20141001 aBATCH-UPDb10c20141002 aCONVERSIONb10c20130109 aE12093SGEb10c20130710 aE12093SGEb10c2013071014aAgua potablexMexico (D.F.)9244814aAguaxAbastecimientoxCostos.9223814aAguaxUtilización.9240114aComunidades rurales.92625414aMarginalidad social.9713481 aValdivia Alcalá, Ramón9117308eDirector de tesis. uhttp://10.13.5.2/tesis/111424.pdfzDESCARGAR PDF aBK cTD2Clasificación Universidad Autónoma Chapingo aTesisbBCcTESd33724002220462eTS2fc.2gDonaciØnh51401i111424sb aTesisbBCcTESd33724002220470eTS1gDonaciØnh51400i111424sb c99766d99766 00102local4051708TesDigMaBDbBDcE_Ld2019-12-31l0oTesis digitalr2019-12-31 00:00:00w2019-12-31yTD